| 000 | 00511nam a2200181 a 4500 | ||
|---|---|---|---|
| 005 | 20140412111339.0 | ||
| 008 | 031107s19uu xx 00 eng d | ||
| 020 | _a0-689-84607-X | ||
| 050 |
_aER _bIt1 2001 |
||
| 245 |
_aIt's the great pumpkin, Charlie Brown / _cby Charles M. Schulz. |
||
| 260 |
_aNew York : _bLittle Simon, _c2001. |
||
| 300 | _a[28] p. ; ill. | ||
| 440 | _aPeanuts | ||
| 500 | _a35th Anniversary Edition | ||
| 650 | _aPumpkins--Fiction | ||
| 650 | _aChildren stories | ||
| 999 |
_c105096 _d105096 |
||